| 000 | 00691nam a22001817a 4500 | ||
|---|---|---|---|
| 003 | OSt | ||
| 005 | 20170105102935.0 | ||
| 040 | _a0 | ||
| 082 |
_a327.174 _bALI 1984 |
||
| 100 | _aAli, Akhtar | ||
| 245 |
_aPakistan's Nuclear Dilemma _bEnergy and Security Dimensions _cAkhtar Ali |
||
| 260 |
_aPakistan _bEconomist Research Unit Pakistan _c1984 |
||
| 300 | _a218 p | ||
| 650 | _aPolitical Base of Bomb making in India, India’s Nuclear and Space Profile, Pakistan’s Nuclear Response | ||
| 650 | _aIslamic Vs Israeli Bomb: Myths and Relation, Nuclear Fuel Cycle Technologies: Status and Prospects | ||
| 650 | _aNon Proliferation Issues and Pakistan’s Political Options | ||
| 942 |
_2ddc _cBK |
||
| 999 |
_c16226 _d16226 |
||